ROSEN'S EMERGENCY MEDICINE CONCPTS AND CLINICAL PRACTICE (Record no. 30859)

MARC details
000 -LEADER
fixed length control field 00464nam a22001697a 4500
003 - CONTROL NUMBER IDENTIFIER
control field SGT
020 ## - INTERNATIONAL STANDARD BOOK NUMBER
International Standard Book Number 9780323757898
082 ## - DEWEY DECIMAL CLASSIFICATION NUMBER
Classification number 616.025
Item number R23W
100 ## - MAIN ENTRY--PERSONAL NAME
Personal name WALLS. RON M.
245 ## - TITLE STATEMENT
Title ROSEN'S EMERGENCY MEDICINE CONCPTS AND CLINICAL PRACTICE
250 ## - EDITION STATEMENT
Edition statement 10TH
260 ## - PUBLICATION, DISTRIBUTION, ETC. (IMPRINT)
Place of publication, distribution, etc NEW YORK
Name of publisher, distributor, etc ELSEVIER PUB
Year of Publication 2023
300 ## - PAGE DESCRIPTION
No. of Pages 1162, 2461
650 ## - SUBJECT ADDED ENTRY--TOPICAL TERM
Topical term or geographic name as entry element EMERGENCY MEDICINE
653 ## - KEYWORDS--INDEX TERM
Keyword term ROSEN'S EMERGENCY MEDICINE CONCPTS AND CLINICAL PRACTICE
942 ## - ADDED ENTRY ELEMENTS (KOHA)
Source of classification or shelving scheme Dewey Decimal Classification
Koha item type Books
Holdings
Withdrawn status Lost status Source of classification or shelving scheme Damaged status Not for loan Collection code Home library Current library Shelving location Date acquired Vendor Name Cost, normal purchase price Volume Information (Serial or Books or Non-Book Material) SGTU Bill Number Total Checkouts Full call number Accession No. (Barcode) Date last seen Bill Date Koha item type
    Dewey Decimal Classification   Not For Loan MEDICAL SGT Medical Library SGT Medical Library Reference Book 23/03/2025 ABC DELHI 36148.00 VOL-1 SGTU 20800   616.025 R23W FM15140 16/04/2025 23/03/2025 Books
    Dewey Decimal Classification   Not For Loan MEDICAL SGT Medical Library SGT Medical Library Reference Book 23/03/2025 ABC DELHI 36148.00 VOL-1 SGTU 20800   616.025 R23W FM15141 16/04/2025 23/03/2025 Books
    Dewey Decimal Classification   Not For Loan MEDICAL SGT Medical Library SGT Medical Library Reference Book 23/03/2025 ABC DELHI 36148.00 VOL-1 SGTU 20800   616.025 R23W FM15142 16/04/2025 23/03/2025 Books
    Dewey Decimal Classification   Not For Loan MEDICAL SGT Medical Library SGT Medical Library Reference Book 23/03/2025 ABC DELHI   VOL-2 SGTU 20800   616.025 R23W FM15143 16/04/2025 23/03/2025 Books
    Dewey Decimal Classification   Not For Loan MEDICAL SGT Medical Library SGT Medical Library Reference Book 23/03/2025 ABC DELHI   VOL-2 SGTU 20800   616.025 R23W FM15144 16/04/2025 23/03/2025 Books
    Dewey Decimal Classification   Not For Loan MEDICAL SGT Medical Library SGT Medical Library Reference Book 23/03/2025 ABC DELHI   VOL-2 SGTU 20800   616.025 R23W FM15145 16/04/2025 23/03/2025 Books